Leaders of African Countries (top 20 highest GDP) - Statistics

General Stats
  • This quiz has been taken 10 times
  • The average score is 8 of 20
Answer Stats
Picture Hint Answer % Correct
President of Egypt Abdel Fattah el-Sisi
100%
President of South Africa Cyril Ramaphosa
70%
President of Kenya Uhuru Kenyatta
70%
Prime Minister of Ethiopia Abiy Ahmed
60%
President of Cameroon Paul Biya
60%
President of the Democratic Republic of the Congo Félix Tshisekedi
50%
President of Tanzania John Magufuli
40%
President of Senegal Macky Sall
40%
President of Nigeria Muhammadu Buhari
40%
President of Uganda Yoweri Museveni
40%
President of Algeria Abdelmadjid Tebboune
30%
President of the Republic of Côte d'Ivoire Alassane Ouattara
30%
President of Angola João Lourenço
30%
President of Tunisia Kais Saied
30%
President of Botswana Mokgweetsi Masisi
20%
President of Ghana Nana Akufo-Addo
20%
Chairman of the Sovereignty Council of Sudan Abdel Fattah al-Burhan
10%
President of Zambia Edgar Lungu
10%
President/Prime Minister of Libya Fayez al-Sarraj
10%
Prime Minister of Morocco Saadeddine Othmani
0%
No matching quizzes found
Score Distribution
Percent of People with Each Score
Percentile by Number Answered
Your Score History
You have not taken this quiz